Poesías

Αποθηκεύτηκε σε:
Λεπτομέρειες βιβλιογραφικής εγγραφής
Κύριος συγγραφέας: Meléndez Valdés, Juan (autor)
Μορφή: Βιβλίο
Γλώσσα:Ισπανικά
Έκδοση: Madrid Espasa-Calpe 1941
Σειρά:Clásicos Castellanos, 64
Θέματα:
Ετικέτες: Προσθήκη ετικέτας
Δεν υπάρχουν, Καταχωρήστε ετικέτα πρώτοι!

MARC

LEADER 00000nam a2200000 a 4500
001 UCQ7466
003 CL-VaPUC
008 981113e19410000SP |||||||||||||||||spa|d
082 0 4 |a 861  |b MEL  |2 21 
100 |a Meléndez Valdés, Juan   |e autor  |9 315555 
245 1 0 |a Poesías 
300 |a 175 p 
942 |c BK 
945 |d 19981113 00:00:00  |a lriquelm 
260 |a Madrid  |b Espasa-Calpe  |c 1941 
650 0 |a Poesías españolas  |9 265100 
650 0 |a Literatura española  |9 306261 
583 |a last modification  |c 19981113 00:00:00  |k Rodrigo Vera 
490 0 |a Clásicos Castellanos, 64 
999 |c 277075  |d 277073 
952 |0 0  |1 0  |4 0  |6 861_000000000000000_MEL_1941  |7 0  |8 A  |9 314798  |a FDOPOS  |b FDOPOS  |d 2019-11-20  |i 2916045  |o 861 MEL 1941  |p 2916045  |r 2025-01-22  |w 2019-11-20  |y BK  |k MLH